| Tag |
First Indicator |
Second Indicator |
Subfields |
| LEADER |
00000cam a2200000 a 4500 |
| 001 |
in00000019834 |
| 005 |
20151007053734.0 |
| 008 |
870415s1987 gau b 00110 eng |
| 010 |
|
|
|a 87011138
|
| 020 |
|
|
|a 0865542635 (alk. paper) :
|c $24.95
|
| 035 |
|
|
|a (OCoLC)15629461
|
| 035 |
|
|
|9 AAB2660AM
|
| 040 |
|
|
|a DLC
|c DLC
|d TXA
|d UtOrBLW
|
| 043 |
|
|
|a e------
|a aw-----
|a ff-----
|
| 049 |
|
|
|a TXAM
|c [A11097423]
|
| 050 |
0 |
0 |
|a BS2655.A65
|b W56 1987
|
| 082 |
0 |
|
|a 227/.206
|2 19
|
| 100 |
1 |
|
|a Wimbush, Vincent L.
|
| 245 |
1 |
0 |
|a Paul, the worldly ascetic :
|b response to the world and self-understanding according to 1 Corinthians 7 /
|c by Vincent L. Wimbush.
|
| 264 |
|
1 |
|a Macon, GA :
|b Mercer University Press,
|c [1987]
|
| 264 |
|
4 |
|c ©1987
|
| 300 |
|
|
|a xii, 115 pages ;
|c 24 cm.
|
| 336 |
|
|
|a text
|b txt
|2 rdacontent
|
| 337 |
|
|
|a unmediated
|b n
|2 rdamedia
|
| 338 |
|
|
|a volume
|b nc
|2 rdacarrier
|
| 504 |
|
|
|a Bibliography: pages [99]-110.
|
| 500 |
|
|
|a Includes index.
|
| 630 |
0 |
0 |
|a Bible.
|p Corinthians, 1st, VII
|x Criticism, interpretation, etc.
|
| 650 |
|
0 |
|a Asceticism
|x History
|y Early church, ca. 30-600.
|
| 651 |
|
0 |
|a Rome
|x Religion.
|
| 999 |
|
|
|a MARS
|
| 999 |
f |
f |
|s 21b7c798-5bc2-3649-afcf-ffe781f393e0
|i 570abd52-6116-3716-bccb-316653e0e6e9
|t 0
|
| 952 |
f |
f |
|p ric
|a Texas A&M University
|b Rellis Campus
|c Joint Library Facility
|d Remote Storage
|t 0
|e BS2655.A65 W56 1987
|h Library of Congress classification
|i unmediated -- volume
|m A14811097423
|
| 998 |
f |
f |
|a BS2655.A65 W56 1987
|t 0
|l Remote Storage
|